The noble scholar, jurist, historian


 His Excellency Dr. Abdul Wahhab bin Ibrahim Abu Sulaiman, may Allah have mercy on him.


 He was born in Umm Al-Qura in the year 1356 AH.

أغاني شيراز، أو، غزليات حافظ الشيرازي / (Record no. 13083)

MARC details
000 -LEADER
fixed length control field 01370cam a22003131i 4500
003 - CONTROL NUMBER IDENTIFIER
control field SA-RiAUC
005 - DATE AND TIME OF LATEST TRANSACTION
control field 20251109081459.0
008 - FIXED-LENGTH DATA ELEMENTS--GENERAL INFORMATION
fixed length control field 251007s2004 ir g 000 p ara c
040 ## - CATALOGING SOURCE
Original cataloging agency SA-JeALM
Language of cataloging ara
Transcribing agency SA-RiAUC
Description conventions rda
041 1# - LANGUAGE CODE
Language code of text/sound track or separate title ara
Language code of original per
050 #4 - LIBRARY OF CONGRESS CALL NUMBER
Item number .Z73 2004
082 04 - DEWEY DECIMAL CLASSIFICATION NUMBER
Classification number 891.55
Assigning agency SA-RiAUC
090 ## - LOCALLY ASSIGNED LC-TYPE CALL NUMBER (OCLC); LOCAL CALL NUMBER (RLIN)
Classification number (OCLC) (R) ; Classification number, CALL (RLIN) (NR) 891.55
Local cutter number (OCLC) ; Book number/undivided call number, CALL (RLIN) ح ا ف
100 1# - MAIN ENTRY--PERSONAL NAME
Personal name حافظ الشيرازي، محمد بن كمال الدين بن غياث الدين،
Dates associated with a name حوالي 725-792 هجري
Relator term مؤلف.
245 10 - TITLE STATEMENT
Title أغاني شيراز، أو، غزليات حافظ الشيرازي /
Statement of responsibility, etc. ترجمة إبراهيم أمين الشواربي ؛ مقدمة بقلم طه حسين.
246 33 - VARYING FORM OF TITLE
Title proper/short title غزليات حافظ الشيرازي
250 ## - EDITION STATEMENT
Edition statement الطبعة الأولى.
264 #1 - PRODUCTION, PUBLICATION, DISTRIBUTION, MANUFACTURE, AND COPYRIGHT NOTICE
Place of production, publication, distribution, manufacture طهران :
Name of producer, publisher, distributor, manufacturer المشرق للثقافة والنشر،
Date of production, publication, distribution, manufacture, or copyright notice 2004
300 ## - PHYSICAL DESCRIPTION
Extent 588 صفحة ؛
Dimensions 24 × 17 سم
336 ## - CONTENT TYPE
Content type term نص
Content type code txt
Source rdacontent
Materials specified كتاب
337 ## - MEDIA TYPE
Media type term بدون وسيط
Media type code n
Source rdamedia
338 ## - CARRIER TYPE
Carrier type term مجلد
Carrier type code nc
Source rdacarrier
650 #7 - SUBJECT ADDED ENTRY--TOPICAL TERM
Topical term or geographic name entry element الشعر الفارسي الغزلي
Chronological subdivision قرون 13-14
Form subdivision ترجمات إلى العربية
Source of heading or term aucsh
653 ## - INDEX TERM--UNCONTROLLED
Uncontrolled term الآداب
700 1# - ADDED ENTRY--PERSONAL NAME
Personal name الشواربي، إبراهيم أمين،
Dates associated with a name 1909-
Relator term مترجم.
700 0# - ADDED ENTRY--PERSONAL NAME
Personal name طه حسين،
Dates associated with a name 1889-1973
Relator term مقدم.
942 ## - ADDED ENTRY ELEMENTS (KOHA)
Source of classification or shelving scheme Dewey Decimal Classification
Koha item type Books
Suppress in OPAC No
949 ## - LOCAL PROCESSING INFORMATION (OCLC)
a SA-JeALM
d 251007
u osman123
n 1
Holdings
Withdrawn status Lost status Source of classification or shelving scheme Damaged status Not for loan Home library Current library Date acquired Total checkouts Full call number Barcode Date last seen Price effective from Koha item type
    Dewey Decimal Classification     DR AbdElwahab Library DR AbdElwahab Library 11/09/2025   891.55 ح ا ف 000020920 11/09/2025 11/09/2025 Books